<?xml version="1.0" encoding="UTF-8"?>
<record
    xmlns:xsi="http://www.w3.org/2001/XMLSchema-instance"
    xsi:schemaLocation="http://www.loc.gov/MARC21/slim http://www.loc.gov/standards/marcxml/schema/MARC21slim.xsd"
    xmlns="http://www.loc.gov/MARC21/slim">

  <leader>01433    a2200205   4500</leader>
  <controlfield tag="001">54106</controlfield>
  <controlfield tag="005">20260407155811.0</controlfield>
  <controlfield tag="008">260407a1968    arg                 spa d</controlfield>
  <controlfield tag="003">AR-UNSa-BCEJYS</controlfield>
  <datafield tag="040" ind1=" " ind2=" ">
    <subfield code="a">AR-UNSa-BCEJYS</subfield>
    <subfield code="b">spa</subfield>
    <subfield code="c">AR-UNSa-BCEJYS</subfield>
  </datafield>
  <datafield tag="080" ind1=" " ind2=" ">
    <subfield code="a">330(73)</subfield>
    <subfield code="x">Econom&#xED;a de los Estados Unidos</subfield>
  </datafield>
  <datafield tag="245" ind1="1" ind2="0">
    <subfield code="a">La republica econ&#xF3;mica norteamericana</subfield>
  </datafield>
  <datafield tag="264" ind1=" " ind2="1">
    <subfield code="a">Buenos Aires :</subfield>
    <subfield code="b">TEA (Tipogr&#xE1;fica Editora Argentina)</subfield>
    <subfield code="c">1968</subfield>
  </datafield>
  <datafield tag="300" ind1=" " ind2=" ">
    <subfield code="a">314 p.</subfield>
    <subfield code="c">20 cm.</subfield>
  </datafield>
  <datafield tag="505" ind1=" " ind2=" ">
    <subfield code="a">Primera parte: Teor&#xED;a - I. Fragmentaci&#xF3;n de las concepciones econ&#xF3;micas:la propiedad ante el an&#xE1;lisis - II. Conceptos de la fisi&#xF3;n del siglo XX: poder y propiedad,problema de aspectos - III. Fuentes de capital y cambios en el poder de tomar decisiones - IV. El mercado libre &#xBF;es un amigo o una amenaza? - V. El proceso democr&#xE1;tico:la pol&#xED;tica como medio de reparaci&#xF3;n - Segunda parte: Organizaci&#xF3;n y estructura - VI. El Estado pol&#xED;tico asume la responsabilidad - VII. Estructura gubernamental de la rep&#xFA;blica econ&#xF3;mica norteamericana - VIII. Dinero,cr&#xE9;dito y capital - IX. Los mercados controlados - X. El sector del mercado libre: la industria y su concentraci&#xF3;n - XI. El trabajo:su poder y precio - XII. El Estado tutelar:el sector socializado - Tercera parte: Los valores - XIII. El sistema de valores y el "margen trascendental"</subfield>
  </datafield>
  <datafield tag="041" ind1=" " ind2=" ">
    <subfield code="a">spa</subfield>
  </datafield>
  <datafield tag="942" ind1=" " ind2=" ">
    <subfield code="c">BK</subfield>
  </datafield>
  <datafield tag="590" ind1=" " ind2=" ">
    <subfield code="a">niveau_biblio:m niveau_hierar:0</subfield>
  </datafield>
  <datafield tag="100" ind1="1" ind2=" ">
    <subfield code="a">Berle, Adolf A.</subfield>
  </datafield>
  <datafield tag="999" ind1=" " ind2=" ">
    <subfield code="c">5353</subfield>
    <subfield code="d">5353</subfield>
  </datafield>
  <datafield tag="952" ind1=" " ind2=" ">
    <subfield code="0">0</subfield>
    <subfield code="1">0</subfield>
    <subfield code="4">0</subfield>
    <subfield code="7">0</subfield>
    <subfield code="a">BCEJYS</subfield>
    <subfield code="b">BCEJYS</subfield>
    <subfield code="c">16</subfield>
    <subfield code="d">2026-04-07</subfield>
    <subfield code="l">0</subfield>
    <subfield code="o">330(73) B514</subfield>
    <subfield code="p">L39894</subfield>
    <subfield code="r">2026-04-07 15:58:11</subfield>
    <subfield code="w">2026-04-07</subfield>
    <subfield code="y">L</subfield>
  </datafield>
</record>
